| 000 | 00373nam a2200133Ia 4500 | ||
|---|---|---|---|
| 005 | 20251222143142.0 | ||
| 008 | 251222s9999||||xx |||||||||||||| ||spa|| | ||
| 020 | _a978-612-46380-3-9 | ||
| 082 | _a345/P42 | ||
| 100 | _aPeña Cabrera Freyre, Alonso Raúl | ||
| 245 | 0 | _aEstudios Críticos de Derecho Penal y Política Criminal: | |
| 264 | _bIdeas Solución | ||
| 942 | _cLIB | ||
| 999 |
_c12343 _d12343 |
||